| 000 | 00647nam a2200193 i 4500 | ||
|---|---|---|---|
| 001 | 99350 | ||
| 003 | ES-MaACL | ||
| 005 | 20230906182501.0 | ||
| 007 | t| | ||
| 008 | 050907s1966 sp ||||1| spa d | ||
| 100 | 1 |
_aMartín-Retortillo, Sebastián. _977627 |
|
| 245 | 1 | 0 |
_aAguas públicas y obras hidráulicas _b: estudios jurídico-administrativos / _cSebastián Martín-Retortillo. |
| 260 |
_aMadrid : _bTecnos, _c1966. |
||
| 300 |
_a458 p. ; _c22 cm. |
||
| 490 | 1 | _aBiblioteca Tecnos de estudios jurídicos | |
| 830 | 0 |
_aBiblioteca Tecnos de estudios jurídicos _9181636 |
|
| 852 |
_aES-MaACL _jC-29965 _bR.60243 |
||
| 999 |
_c99350 _d99350 |
||